| 000 | 01009pam a2200337 a 4500 | ||
|---|---|---|---|
| 999 |
_c2314 _d2314 |
||
| 001 | 016005019 | ||
| 003 | Uk | ||
| 005 | 20230413104154.0 | ||
| 008 | 120105s2012 enkab j 000|1 eng|d | ||
| 015 |
_aGBB202131 _2bnb |
||
| 016 | 7 |
_a016005019 _2Uk |
|
| 020 | _a9781409535911 (hbk.) : | ||
| 040 |
_aStDuBDS _beng _cStDuBDS _dUk _dKH8 |
||
| 042 | _aukblcatcopy | ||
| 082 | 0 | 4 |
_a823.92 STO _223 |
| 100 | 1 |
_aStowell, Louie. _eAuthor |
|
| 245 | 1 | 0 |
_aSaint George and the dragon / _cretold by Louie Stowell ; illustrated by John Joven. |
| 260 |
_aLondon : _bUsborne, _c2012. |
||
| 300 |
_a47 p. : _bcol. ill. _c21 cm. |
||
| 336 |
_atext _2rdacontent |
||
| 337 |
_aunmediated _2rdamedia |
||
| 338 |
_avolume _2rdacarrier |
||
| 490 | 0 | _aUsborne young reading. Series one | |
| 500 |
_aFormerly CIP. _5Uk |
||
| 600 | 0 | 0 |
_aGeorge, _cSaint, _d-303 _vJuvenile fiction. |
| 650 | _achildren's story | ||
| 650 | _adragon | ||
| 655 | 0 | _aChildren's stories. | |
| 700 | 1 |
_aJoven, John. _eIllustrator |
|
| 942 |
_2ddc _cFIC |
||